00519nam a2200193 a 4500001001300000003000900013005001700022008004100039020002300080082001800103100001700121245005900138260003800197300001000235500003500245505001000280650001800290700001700308nice12345678IN_TiNIC20260116012319.0050524s1988 dela grp 000 0 eng  a8185119 c18000a297.0954bHAS aHasan, Qamar aMuslims in Indiab Attitudes Adjustment and Reactions. aDelhibNorthern Book Centrec1988 a251p. aincludes index and biblioraphy2 aindex aMuslims-India1 aHasan, Qamar